[Event "San Francisco Bagby Memorial g/45"]
[Site "San Francisco"]
[Date "2005.07.16"]
[Round "1"]
[White "Batchimeg, Tuvshintugs"]
[Black "Cassidy, Ryan A"]
[Result "1-0"]
[WhiteElo "2272"]
[BlackElo "1594"]
[PlyCount "44"]
[EventDate "2005.07.16"]
[EventType "swiss (rapid)"]
[EventRounds "5"]
[EventCountry "USA"]
[SourceTitle "EXT 2007"]
[Source "ChessBase"]
[SourceDate "2006.11.23"]
[SourceVersion "1"]
[SourceVersionDate "2006.11.23"]
[SourceQuality "1"]

1. e4 c6 2. d4 d5 3. exd5 cxd5 4. c4 Nf6 5. Nc3 e6 6. Nf3 Nc6 7. cxd5 exd5 8. Be2 Be7 9. 0-0 0-0 10. Ne5 Ne4 11. Bf4 Re8 12. Nb5 Nd6 13. Rc1 Bd7 14. Nc3 Bf6 15. Nxd5 Bxe5 16. dxe5 Nf5 17. e6 Bxe6 18. Nc7 Qxd1 19. Rfxd1 Nfd4 20. Bc4 Bxc4 21. Rxc4 Ne2+ 22. Kf1 Nxf4 1-0